[Event "AUTO-OPEN-4074"]
[Site "http://www.queenalice.com/game.php?id=1597660"]
[Date "2020.1.28"]
[Round "2"]
[White "Profnabor"]
[Black "kokokinel"]
[Result "1/2-1/2"]
[WhiteElo "2038"]
[BlackElo "2257"]

1. e4 e5 2. Nf3 Nc6 3. d4 exd4 4. Nxd4 Bc5 5. Nxc6 bxc6 6. Bd3 d6 7. O-O Qf6 8.
Nc3 Ne7 9. Be3 Bb6 10. Bxb6 cxb6 11. f4 Qd4+ 12. Kh1 O-O 13. Qf3 Bb7 14. Rad1
Qb4 15. Rb1 Ng6 16. a3 Qd4 17. Rbd1 Qf6 18. Ne2 Rad8 19. c3 Rfe8 20. Ng3 c5 21.
Bb5 Nh4 22. Qg4 Bxe4 23. Nxe4 Rxe4 24. g3 Ng6 25. Bc6 Re3 26. Rfe1 Re7 27. Kg2
d5 28. Rxe7 Qxe7 29. Bxd5 Re8 1/2-1/2

[Event "AUTO-OPEN-4087"]
[Site "http://www.queenalice.com/game.php?id=1601390"]
[Date "2020.3.2"]
[Round "2"]
[White "AsterixTwin"]
[Black "kokokinel"]
[Result "1-0"]
[WhiteElo "2418"]
[BlackElo "2251"]

1. e4 e5 2. Nf3 d6 3. d4 exd4 4. Nxd4 Nf6 5. Nc3 Be7 6. Bf4 O-O 7. Qd2 Nc6 8.
O-O-O Nxd4 9. Qxd4 Be6 10. f3 Nh5 11. Be3 Bf6 12. Qd2 Be5 13. g4 Nf6 14. h4 Bxc3
15. Qxc3 a5 16. Kb1 Qe7 17. h5 Rfb8 18. g5 Ne8 19. f4 Bg4 20. Re1 b6 21. Bg2 Bc8
22. e5 Bb7 23. Bxb7 Rxb7 24. exd6 Qxd6 25. f5 c5 26. h6 a4 27. Bxc5 1-0

[Event "AUTO-OPEN-4087"]
[Site "http://www.queenalice.com/game.php?id=1601391"]
[Date "2020.3.2"]
[Round "2"]
[White "kokokinel"]
[Black "AsterixTwin"]
[Result "1/2-1/2"]
[WhiteElo "2244"]
[BlackElo "2446"]

1. f4 d5 2. Nf3 g6 3. e3 Bg7 4. Be2 Nf6 5. O-O O-O 6. d4 c5 7. c3 b6 8. Ne5 Bb7
9. Nd2 Nbd7 10. Ndf3 e6 11. Bd3 Nxe5 12. fxe5 Nd7 13. Qe2 f6 14. exf6 Nxf6 15.
Ne5 Qe7 16. Bd2 Nd7 17. Nxd7 Qxd7 18. dxc5 bxc5 19. Rxf8+ Rxf8 20. Rf1 Rxf1+ 21.
Qxf1 e5 22. Bb5 Qf5 23. Qxf5 gxf5 24. Bd7 f4 25. exf4 e4 26. Kf2 d4 27. g3 e3+
28. Bxe3 dxe3+ 29. Kxe3 Bd5 30. a4 a5 31. g4 1/2-1/2

[Event "AUTO-OPEN-4074"]
[Site "http://www.queenalice.com/game.php?id=1615618"]
[Date "2020.6.8"]
[Round "3"]
[White "patoche"]
[Black "kokokinel"]
[Result "1-0"]
[WhiteElo "2666"]
[BlackElo "2254"]

1. e4 e5 2. Nf3 d6 3. d4 exd4 4. Nxd4 Nf6 5. Nc3 Be7 6. Be2 O-O 7. Bf4 Nc6 8.
Qd2 Nxd4 9. Qxd4 c5 10. Qe3 Qb6 11. O-O-O Be6 12. g4 Nd7 13. h4 a5 14. h5 Ne5
15. g5 a4 16. Kb1 a3 17. b3 Qc6 18. Bg3 c4 19. h6 Rfc8 20. b4 Bf8 21. f4 Ng4 22.
Qd4 f5 23. exf5 Bxf5 24. Nd5 1-0

[Event "AUTO-OPEN-4074"]
[Site "http://www.queenalice.com/game.php?id=1615619"]
[Date "2020.6.8"]
[Round "3"]
[White "kokokinel"]
[Black "patoche"]
[Result "0-1"]
[WhiteElo "2251"]
[BlackElo "2676"]

1. b3 e5 2. Bb2 Nc6 3. e3 Nf6 4. Bb5 Bd6 5. Na3 Na5 6. Be2 a6 7. Nc4 Nxc4 8.
Bxc4 O-O 9. Nh3 Qe7 10. O-O Ba3 11. Bc3 b5 12. Be2 b4 0-1

[Event "AUTO-OPEN-4074"]
[Site "http://www.queenalice.com/game.php?id=1615620"]
[Date "2020.6.8"]
[Round "3"]
[White "RaulSoft"]
[Black "kokokinel"]
[Result "1-0"]
[WhiteElo "2602"]
[BlackElo "2256"]

1. d4 Nf6 2. c4 g6 3. Nc3 d5 4. Bg5 Bg7 5. cxd5 Nxd5 6. Rc1 Nxc3 7. bxc3 O-O 8.
e4 c5 9. Nf3 Bg4 10. d5 Nd7 11. h3 Bxf3 12. Qxf3 Ne5 13. Qe3 Qd6 14. Be2 b5 15.
f4 Nc4 16. Bxc4 bxc4 17. O-O Rab8 18. Rcd1 Rb2 19. e5 Qb6 20. Bxe7 Rc8 21. f5
1-0

[Event "AUTO-OPEN-4074"]
[Site "http://www.queenalice.com/game.php?id=1615621"]
[Date "2020.6.8"]
[Round "3"]
[White "kokokinel"]
[Black "RaulSoft"]
[Result "1-0"]
[WhiteElo "2253"]
[BlackElo "2646"]

1. b3 e5 2. Bb2 Nc6 3. e3 a6 4. c4 d5 5. cxd5 Qxd5 6. Nc3 Qd6 7. Nf3 Bf5 8. Bc4
Nf6 9. O-O Bg6 10. a4 e4 11. Ne1 Rd8 12. Bc1 Na5 13. Qe2 Be7 14. Ra2 Qb6 15. Ba3
Bxa3 16. Rxa3 O-O 17. f3 exf3 18. gxf3 Rfe8 19. Kh1 Nd7 20. Nd5 Qd6 21. Ra1 Nc5
22. b4 Nxc4 23. Qxc4 Ne4 24. Nxc7 Nxd2 25. Nxe8 Nxf1 26. Nxd6 Nxe3 27. Qc7 Rf8
28. Ra3 Nf5 29. Nxf5 Bxf5 30. Qxb7 Bc8 31. Qe7 Be6 32. Re3 h6 33. Rxe6 fxe6 34.
Qxe6+ Kh7 35. Qxa6 Rf4 36. Qd3+ Kg8 37. Qe4 Rf6 38. b5 g5 39. Qe8+ Kg7 40. Qe5
Kg6 41. Qxf6+ Kxf6 42. b6 1-0

[Event "AUTO-OPEN-4083"]
[Site "http://www.queenalice.com/game.php?id=1621073"]
[Date "2020.7.21"]
[Round "2"]
[White "kokokinel"]
[Black "LOMBARDY"]
[Result "0-1"]
[WhiteElo "2268"]
[BlackElo "2217"]

1. b3 Nf6 2. f4 d5 3. Nf3 c5 4. Bb2 e6 5. e3 Be7 6. Bd3 Nbd7 7. O-O a6 8. a4 b6
9. Qe1 Bb7 10. Na3 O-O 11. c4 Rc8 12. cxd5 exd5 13. Ne5 Ne4 14. Bxe4 dxe4 15.
Nac4 Nf6 16. Rd1 b5 17. axb5 axb5 18. Na3 Qd5 19. Qe2 Qxb3 20. Qxb5 Qxb5 21.
Nxb5 Ba6 22. Na7 Rc7 23. Nac6 Bxf1 24. Nxe7+ Rxe7 25. Kxf1 Rb7 26. Bc3 Nd5 27.
Nc4 Rd8 28. Ra1 Nxc3 29. dxc3 g6 30. Ra5 Rc7 31. Ke2 Rd3 32. Ra8+ Kg7 33. Ra3 h5
34. Ne5 Rd8 35. Nc4 f6 36. Ra6 Rcd7 37. Re6 f5 38. Rc6 Ra7 39. Kf2 h4 0-1

[Event "AUTO-OPEN-4083"]
[Site "http://www.queenalice.com/game.php?id=1621074"]
[Date "2020.7.21"]
[Round "2"]
[White "LOMBARDY"]
[Black "kokokinel"]
[Result "0-1"]
[WhiteElo "2248"]
[BlackElo "2244"]

1. e4 e5 2. Nf3 d6 3. d4 exd4 4. Bc4 Be7 5. O-O Nf6 6. c3 dxc3 7. Nxc3 O-O 8. h3
h6 9. Be3 Nc6 10. a3 Ne5 11. Nxe5 dxe5 12. Qc2 c6 13. Rfd1 Qc7 14. b4 Rd8 15.
Qb3 Rxd1+ 16. Rxd1 Bf8 17. Bc1 b5 18. Be2 Be6 19. Qc2 a5 20. Nxb5 Qb6 21. Be3
Qb7 22. Nd6 Bxd6 23. Rxd6 axb4 24. axb4 Qxb4 25. Rxc6 Qxe4 26. Qxe4 Nxe4 27. Bf3
Ra1+ 28. Kh2 Ng5 29. Be2 g6 30. Bd3 Kg7 31. h4 Nh7 32. Rc5 Nf6 33. Be2 Ra2 34.
Bf3 e4 35. Bd1 h5 36. Kg3 Nd5 37. Bd4+ Kh6 38. Be5 f6 39. Bd6 Rd2 40. Bf8+ Kh7
41. Bc2 e3 42. fxe3 Nxe3 43. Be4 Bf5 44. Bf3 Nf1+ 0-1

[Event "AUTO-OPEN-4221"]
[Site "http://www.queenalice.com/game.php?id=1630403"]
[Date "2020.10.20"]
[Round "1"]
[White "Pin"]
[Black "kokokinel"]
[Result "0-1"]
[WhiteElo "2051"]
[BlackElo "2256"]

1. d4 Nf6 2. c4 e6 3. Nf3 Bb4+ 4. Bd2 Qe7 5. g3 Bxd2+ 6. Nbxd2 O-O 7. Bg2 Qb4 8.
Qb3 Qxb3 9. axb3 Nc6 10. e3 d5 11. O-O a5 12. Ra4 Bd7 13. Rfa1 b6 14. cxd5 exd5
15. Ne5 Nxe5 16. dxe5 Bxa4 17. bxa4 Nd7 18. f4 c6 19. Nb3 Rfe8 20. Rc1 Rac8 21.
Nd4 Nb8 22. Kf2 c5 23. Nb5 Red8 24. Ke2 Na6 25. Nd6 Rc7 26. Bxd5 Nb4 27. Bb3 Kf8
28. Kf3 f6 29. exf6 Rxd6 30. f7 Nd3 0-1

[Event "AUTO-OPEN-4221"]
[Site "http://www.queenalice.com/game.php?id=1630404"]
[Date "2020.10.20"]
[Round "1"]
[White "kokokinel"]
[Black "Pin"]
[Result "1-0"]
[WhiteElo "2276"]
[BlackElo "1941"]

1. f4 f5 2. e4 Nf6 3. exf5 d5 4. g4 c5 5. g5 Ne4 6. Qh5+ Kd7 7. Bb5+ Nc6 8. Nf3
Kc7 9. Bxc6 bxc6 10. d3 Nd6 11. Bd2 Kb8 12. Ne5 1-0

[Event "AUTO-OPEN-4221"]
[Site "http://www.queenalice.com/game.php?id=1630423"]
[Date "2020.10.20"]
[Round "1"]
[White "kokokinel"]
[Black "swabeyd"]
[Result "0-1"]
[WhiteElo "2278"]
[BlackElo "2357"]

1. b3 d5 2. e3 Nf6 3. f4 g6 4. Nf3 Bg7 5. Bb2 O-O 6. Be2 c5 7. O-O b6 8. Na3 Nc6
9. Ne5 Bb7 10. Bf3 Nxe5 11. Bxe5 e6 12. d4 cxd4 13. Bxd4 Ba6 14. c4 Qe7 15. Rc1
Qxa3 0-1

[Event "AUTO-OPEN-4221"]
[Site "http://www.queenalice.com/game.php?id=1630424"]
[Date "2020.10.20"]
[Round "1"]
[White "swabeyd"]
[Black "kokokinel"]
[Result "1-0"]
[WhiteElo "2374"]
[BlackElo "2176"]

1. d4 Nf6 2. Nf3 d5 3. e3 Bf5 4. Bd3 Bxd3 5. cxd3 e6 6. Bd2 c6 7. O-O Be7 8. Nc3
O-O 9. Rc1 Nbd7 10. e4 dxe4 11. dxe4 Nb6 12. Qe2 Qd7 13. Rfd1 Rfd8 14. Bf4 Qe8
15. a3 h6 16. h3 Rac8 17. b4 Nh5 18. Be3 Nf6 19. Nd2 Qd7 20. Nb3 Qc7 21. g3 Ne8
22. d5 exd5 23. Nxd5 Nxd5 24. exd5 a6 25. dxc6 1-0

[Event "AUTO-ELITE-2291"]
[Site "http://www.queenalice.com/game.php?id=1635763"]
[Date "2020.12.7"]
[Round "1"]
[White "kokokinel"]
[Black "BEBADO"]
[Result "0-1"]
[WhiteElo "2262"]
[BlackElo "2328"]

1. f4 Nf6 2. Nf3 g6 3. e3 Bg7 4. Be2 O-O 5. O-O d5 6. d4 Bf5 7. Ne5 c5 8. c3 Nc6
9. Nd2 Ne4 10. Nxe4 Bxe4 11. Bf3 Bxf3 12. Qxf3 e6 0-1

[Event "AUTO-ELITE-2291"]
[Site "http://www.queenalice.com/game.php?id=1635770"]
[Date "2020.12.7"]
[Round "1"]
[White "kokokinel"]
[Black "trompmaster"]
[Result "0-1"]
[WhiteElo "2201"]
[BlackElo "2431"]

1. e4 d6 2. f4 Nf6 3. Nc3 e5 4. d3 Nc6 5. fxe5 dxe5 6. Bg5 Be6 7. Nf3 Bc5 8. Qd2
h6 9. Be3 Qe7 10. O-O-O Rd8 11. h3 Bb4 12. Kb1 Nxe4 0-1

[Event "AUTO-ELITE-2291"]
[Site "http://www.queenalice.com/game.php?id=1635771"]
[Date "2020.12.7"]
[Round "1"]
[White "trompmaster"]
[Black "kokokinel"]
[Result "1-0"]
[WhiteElo "2427"]
[BlackElo "2206"]

1. e4 e5 2. Nc3 Nc6 3. Bc4 Nf6 4. d3 Be7 5. Nf3 O-O 6. h3 d6 7. O-O h6 8. Be3
Na5 9. Bb3 Nxb3 10. axb3 a6 11. d4 exd4 12. Qxd4 Be6 13. Qd3 1-0